10 stanów USA z największą ilością tornad - Statystyki

Ogólne statystyki
  • Ten quiz został rozwiązany 162 razy
  • Średni wynik to 4 z 10
Statystyki odpowiedzi
# Stan % Poprawnych
146,7 Teksas
84%
65,4 Oklahoma
59%
92,4 Kansas
51%
54,6 Floryda
49%
47,1 Alabama
37%
54,6 Nebraska
37%
49,2 Iowa
36%
49,5 Kolorado
29%
46,7 Missouri
29%
54 Illinois
20%
Nie znaleziono quizów pasujących do podanych kryteriów
Rozkład punktacji
Procent ludzi z każdym wynikiem
Percentyl według liczby udzielonych odpowiedzi
Twoja historia wyników
Nie rozwiązałeś tego quizu